Statistiques concernant Harry Potter la famille Weasley

Cliquez ici pour prendre le quiz!

Statistiques générales

  • Ce quiz a été pris 1 734 fois
  • Le résultat moyen est 23 sur 30

Statistiques - réponses

MembrePrenom% Correct
MèreMolly
99%
PèreArthur
98%
AinéBill
98%
QuatrièmeFred
98%
FilsFred II
98%
QuatièmeGeorge
98%
SixièmeGinny
98%
FilleMolly II
98%
TroisièmePercy
97%
CinquièmeRon
97%
SecondCharlie
96%
EpouseFleur
94%
EpouxHarry
94%
EpouseHermione
93%
FilsAlbus
91%
FilleLily
88%
FilleRose
87%
FilsJames
86%
FilsHugo
81%
EpouseAngelina
71%
FilleVictoire
64%
FilsLouis
53%
FilleRoxanne
52%
FilleDominique
50%
FilleLucy
46%
Grande-tanteMuriel
39%
OncleBilius
35%
EpouseAudrey
34%
Grand-père WeasleySeptimus
16%
Grand-mère BlackCedrella
13%

Distribution des résultats

Percentile par nombre de réponses

% des personnes avec chaque résultat

Votre développement - résultats

Vous n’avez pas pris ce quiz